[Event "European Youth Chess Championship B16"]
[Site "Prague, Top Hotel Prague"]
[Date "2016.08.18"]
[Round "1.58"]
[White "Temmerman, Sander"]
[Black "Yilmaz, Goktan"]
[Result "0-1"]
[WhiteElo "1659"]
[BlackElo "2134"]
[PlyCount "104"]
[EventDate "2016.08.18"]

1. e4 c5 2. Nf3 d6 3. d4 cxd4 4. Nxd4 Nf6 5. Nc3 a6 6. Bg5 Nbd7 7. Be2 h6 8.
Be3 b5 9. a3 Bb7 10. f3 e6 11. Qd2 Rc8 12. O-O Be7 13. Rad1 O-O 14. Rfe1 Nb6
15. Nb3 d5 16. Qc1 Qc7 17. exd5 Nfxd5 18. Nxd5 Nxd5 19. c3 Bd6 20. h3 Nxe3 21.
Qxe3 Bd5 22. Nd4 e5 23. Nxb5 axb5 24. Rxd5 Bc5 25. Rxc5 Qxc5 26. Bd3 Rfd8 27.
Bf5 Qxe3+ 28. Rxe3 Rc5 29. Re2 Kf8 30. Kf2 Ke7 31. Bc2 g6 32. f4 Kd6 33. fxe5+
Rxe5 34. a4 Rxe2+ 35. Kxe2 Ra8 36. axb5 Ra2 37. Bd3 Rxb2+ 38. Kf1 Rb3 39. Bc4
Rxc3 40. Bxf7 g5 41. Kf2 Ke5 42. b6 Rc6 43. b7 Rb6 44. Kg3 Rxb7 45. Be8 Kf5 46.
Bc6 Rb3+ 47. Kh2 Kf4 48. Bd7 h5 49. Ba4 Ra3 50. Bc6 g4 51. hxg4 hxg4 52. Kg1 g3
0-1

[Event "European Youth Chess Championship B16"]
[Site "Prague, Top Hotel Prague"]
[Date "2016.08.18"]
[Round "1.59"]
[White "Gallagher, Daniel GH"]
[Black "Kildea, Robbie"]
[Result "1-0"]
[WhiteElo "2128"]
[BlackElo "1626"]
[PlyCount "57"]
[EventDate "2016.08.18"]

1. e4 g6 2. d4 Bg7 3. Nc3 d5 4. Nxd5 c6 5. Nf4 Qxd4 6. Qxd4 Bxd4 7. Nf3 Bg7 8.
Bc4 Nf6 9. e5 Ne4 10. O-O e6 11. Re1 Nc5 12. a4 a5 13. Be3 Nbd7 14. Ra3 Nxe5
15. Nxe5 Bxe5 16. Bxc5 Bxf4 17. h4 Bd2 18. Rd1 Bf4 19. h5 f5 20. Bd4 Rf8 21.
hxg6 hxg6 22. Re1 Rf7 23. Rh3 Kd8 24. Bb6+ Ke7 25. Rh8 Kf6 26. Bxe6 Ra6 27.
Bd4+ Ke7 28. Bxf7+ Kxf7 29. Rxc8 1-0

[Event "European Youth Chess Championship B16"]
[Site "Prague, Top Hotel Prague"]
[Date "2016.08.18"]
[Round "1.60"]
[White "Havelka, Jonas"]
[Black "Buzas, Bertalan"]
[Result "0-1"]
[WhiteElo "1624"]
[BlackElo "2127"]
[PlyCount "98"]
[EventDate "2016.08.18"]

1. e4 c6 2. d4 d5 3. Nc3 dxe4 4. Nxe4 Nf6 5. Ng3 g6 6. Be3 Bg7 7. c3 O-O 8. Nf3
Nbd7 9. Qd2 Re8 10. Bc4 Nb6 11. Bb3 Nbd5 12. Bh6 Qc7 13. O-O a5 14. a4 b6 15.
Rfe1 Bb7 16. Bxg7 Kxg7 17. Ne5 e6 18. Rac1 Rad8 19. Bxd5 cxd5 20. f3 Ng8 21. b4
f6 22. Nd3 Ba6 23. bxa5 Bxd3 24. Qxd3 bxa5 25. c4 dxc4 26. Rxc4 Qa7 27. Qc3 Qb6
28. Kf1 Qa6 29. Kg1 Qb6 30. Kf1 Ne7 31. Rc5 Rd5 32. Ne4 Red8 33. Rc1 Rxd4 34.
Qxa5 Qb2 35. Re1 Rxe4 36. Qxd8 Rxe1+ 37. Kxe1 Qb4+ 38. Kd1 Qxc5 39. a5 Qd5+ 40.
Qxd5 exd5 41. Kd2 Nc6 42. a6 Kf7 43. Kd3 Ke6 44. g3 Kd7 45. h4 Kc7 46. g4 Kb6
47. f4 Kxa6 48. h5 gxh5 49. g5 f5 0-1

[Event "European Youth Chess Championship B16"]
[Site "Prague, Top Hotel Prague"]
[Date "2016.08.18"]
[Round "1.61"]
[White "Szustakowski, Antoni"]
[Black "Mouthuy, Jacky-Long"]
[Result "1-0"]
[WhiteElo "2125"]
[BlackElo "1564"]
[PlyCount "71"]
[EventDate "2016.08.18"]

1. d4 Nf6 2. c4 e6 3. Nf3 b6 4. g3 Bb7 5. Bg2 Be7 6. O-O O-O 7. d5 exd5 8. Ng5
Ne4 9. cxd5 Bxg5 10. Bxe4 Re8 11. Qc2 Bf6 12. Bxh7+ Kh8 13. Be4 Na6 14. Bf3 Qe7
15. d6 Nb4 16. Qb3 Qxd6 17. Bxb7 Rab8 18. Bf3 Nc6 19. Nd2 Nd4 20. Qxf7 Nxe2+
21. Bxe2 Rxe2 22. Qh5+ Kg8 23. Qxe2 Bd4 24. Nb3 Bf6 25. Bf4 Qd5 26. Rad1 Qf7
27. Rfe1 Rc8 28. Qg4 Re8 29. Rxe8+ Qxe8 30. Qxd7 Qe2 31. Qd2 Qg4 32. Bxc7 Kh7
33. Qd3+ Kh8 34. Re1 Qc8 35. Qg6 Qxc7 36. Re8# 1-0

[Event "European Youth Chess Championship B16"]
[Site "Prague, Top Hotel Prague"]
[Date "2016.08.18"]
[Round "1.62"]
[White "Nemec, Jakub"]
[Black "Paiva, Henrique"]
[Result "0-1"]
[WhiteElo "1563"]
[BlackElo "2121"]
[PlyCount "88"]
[EventDate "2016.08.18"]

1. d4 d5 2. Nf3 c6 3. Bg5 Nd7 4. Nbd2 Ngf6 5. e3 e6 6. Bd3 Be7 7. O-O O-O 8. h3
c5 9. c3 Qb6 10. Rb1 Re8 11. Bf4 Bd6 12. Ne5 Qc7 13. Nxd7 Nxd7 14. Bxd6 Qxd6
15. f4 f5 16. Nf3 Nf6 17. Ne5 c4 18. Bc2 Bd7 19. Nxd7 Qxd7 20. b3 Red8 21. b4
b5 22. a4 a6 23. a5 Qf7 24. Kh2 h6 25. Qe2 Rab8 26. Rf2 Qc7 27. Rg1 h5 28. g3
Kf7 29. Kg2 Rh8 30. h4 Ng4 31. Rf3 Rh6 32. Kh3 Qe7 33. Bd1 Rbh8 34. Qf1 Rg6 35.
Qe2 Ke8 36. Qf1 Rhh6 37. Qe2 Nf6 38. Bc2 Qd7 39. Kh2 Rg4 40. Bb1 Qe7 41. Kh3
Rhg6 42. Qf2 Ne4 43. Bxe4 dxe4 44. Qe1 exf3 0-1

[Event "European Youth Chess Championship B16"]
[Site "Prague, Top Hotel Prague"]
[Date "2016.08.18"]
[Round "1.63"]
[White "Abishli, Oghuz"]
[Black "Stastny, Petr"]
[Result "1-0"]
[WhiteElo "2120"]
[BlackElo "1476"]
[PlyCount "49"]
[EventDate "2016.08.18"]

1. d4 d5 2. Nf3 e6 3. c4 Nf6 4. Nc3 c6 5. g3 Bb4 6. Bg2 Nbd7 7. O-O Bxc3 8.
bxc3 O-O 9. Bf4 dxc4 10. Qc2 Nb6 11. e4 Qe7 12. Rfd1 Re8 13. a4 Nbd7 14. a5 a6
15. Bf1 c5 16. Bxc4 cxd4 17. cxd4 Nb8 18. Rdb1 Rd8 19. d5 exd5 20. exd5 Nxd5
21. Bxd5 Rxd5 22. Qxc8+ Rd8 23. Qxb7 Nd7 24. Rd1 Qe2 25. Rxd7 1-0

[Event "European Youth Chess Championship B16"]
[Site "Prague, Top Hotel Prague"]
[Date "2016.08.18"]
[Round "1.64"]
[White "Bauer, Miroslav"]
[Black "Akhvlediani, Irakli"]
[Result "0-1"]
[WhiteElo "1327"]
[BlackElo "2120"]
[PlyCount "96"]
[EventDate "2016.08.18"]

1. e4 c5 2. c3 d5 3. exd5 Qxd5 4. d4 Nc6 5. Nf3 Bf5 6. Be2 cxd4 7. cxd4 Bxb1 8.
Rxb1 e6 9. O-O Nf6 10. Be3 Be7 11. a3 O-O 12. Qd2 Rfd8 13. Rfd1 Rac8 14. Rbc1
a6 15. Bc4 Qh5 16. b4 b5 17. Bb3 a5 18. bxa5 Bxa3 19. Ra1 Bb4 20. Qd3 Nxa5 21.
Bd2 Nxb3 22. Qxb3 Bxd2 23. Rxd2 Ne4 24. Rd3 Qf5 25. Re3 Ng5 26. Rd1 Rc4 27.
Nxg5 Qxg5 28. Red3 Qd5 29. Qb2 Rdc8 30. h3 h5 31. Rb3 Rc2 32. Qb1 Rc1 33. Qd3
Rxd1+ 34. Qxd1 Rc4 35. Rd3 g6 36. Qb3 Rxd4 37. Qxd5 Rxd5 38. Rc3 Rd8 39. Kf1 b4
40. Rb3 Rb8 41. Ke2 Kg7 42. Kd3 g5 43. Kc4 f5 44. Rxb4 Rxb4+ 45. Kxb4 Kf6 46.
Kc4 Ke5 47. Kd3 Kf4 48. Ke2 h4 0-1

[Event "European Youth Chess Championship B16"]
[Site "Prague, Top Hotel Prague"]
[Date "2016.08.18"]
[Round "1.65"]
[White "Iliaguev, Nisim"]
[Black "Fleri, Matthew"]
[Result "1-0"]
[WhiteElo "2120"]
[BlackElo "1276"]
[PlyCount "65"]
[EventDate "2016.08.18"]

1. e4 c5 2. Nf3 g6 3. d4 Bg7 4. c4 b6 5. Nc3 e6 6. d5 Bb7 7. Bd3 Qc7 8. Nb5 Qd8
9. Nd6+ Kf8 10. Nxb7 Qc7 11. O-O Qxb7 12. Bf4 Bxb2 13. Rb1 Bg7 14. Bd6+ Ne7 15.
Qe1 Na6 16. e5 Nb4 17. Be4 exd5 18. cxd5 Ke8 19. Bxe7 Kxe7 20. d6+ Kf8 21. Bxb7
Rb8 22. Be4 f6 23. a3 Nc6 24. Bxc6 dxc6 25. e6 Ke8 26. e7 Rb7 27. Qe6 Rd7 28.
Nd2 h6 29. Ne4 f5 30. Nxc5 b5 31. Qxd7+ Kf7 32. Qe6+ Ke8 33. d7# 1-0

[Event "European Youth Chess Championship B16"]
[Site "Prague, Top Hotel Prague"]
[Date "2016.08.19"]
[Round "2.1"]
[White "Plazuelo, Pascual Juan"]
[Black "Lobanov, Sergei"]
[Result "0-1"]
[WhiteElo "2256"]
[BlackElo "2450"]
[PlyCount "162"]
[EventDate "2016.08.18"]

1. d4 Nf6 2. Nf3 e6 3. e3 c5 4. Bd3 d5 5. b3 Nc6 6. Bb2 Qc7 7. O-O cxd4 8. exd4
Nb4 9. Bb5+ Bd7 10. Bxd7+ Nxd7 11. c3 Nc6 12. Re1 Be7 13. Nbd2 O-O 14. Nf1 b5
15. Ne3 Qb7 16. Qe2 Nf6 17. Reb1 a5 18. c4 bxc4 19. bxc4 Qa6 20. Qf1 dxc4 21.
Qxc4 Nb4 22. Qxa6 Rxa6 23. Ne5 Nbd5 24. N3c4 Rd8 25. a4 Bb4 26. Rc1 Ne4 27. Rc2
f6 28. Nd3 Ndc3 29. Nxb4 axb4 30. Bxc3 bxc3 31. f3 Rxd4 32. Ne3 Rd3 33. Nd1
Rxa4 34. Rac1 Rad4 35. Nxc3 Nxc3 36. Rxc3 Rd2 37. Rc7 Rb2 38. R7c2 Rd2 39. Rxb2
Rxb2 40. Rc7 h5 41. Rc5 e5 42. Kf1 Kf7 43. h4 Rb4 44. g3 Ke6 45. Rc7 g6 46. Kf2
Rb2+ 47. Kf1 Rb6 48. Rc5 Kd6 49. Ra5 Rb1+ 50. Kf2 Rb2+ 51. Kf1 Rc2 52. Ra6+ Rc6
53. Ra5 Ke6 54. Kf2 Kf5 55. Ra2 Rb6 56. Ra5 Rb2+ 57. Kf1 g5 58. hxg5 Kxg5 59.
Ra8 h4 60. gxh4+ Kf4 61. Rf8 f5 62. h5 Rh2 63. Kg1 Rh3 64. Kg2 Rg3+ 65. Kh2 Rg5
66. h6 Kxf3 67. h7 Rh5+ 68. Kg1 Rxh7 69. Rxf5+ Ke4 70. Rf8 Ke3 71. Ra8 Rd7 72.
Ra1 e4 73. Ra3+ Ke2 74. Ra2+ Kf3 75. Rf2+ Ke3 76. Rf8 Ke2 77. Rf2+ Ke3 78. Rf8
Kd2 79. Ra8 e3 80. Ra2+ Ke1 81. Kg2 Rd2+ 0-1

[Event "European Youth Chess Championship B16"]
[Site "Prague, Top Hotel Prague"]
[Date "2016.08.19"]
[Round "2.2"]
[White "Petrov, Martin"]
[Black "Mohammad, Fahim"]
[Result "1-0"]
[WhiteElo "2446"]
[BlackElo "2260"]
[PlyCount "109"]
[EventDate "2016.08.18"]

1. e4 c5 2. Nf3 Nc6 3. d4 cxd4 4. Nxd4 Qb6 5. Nb3 Nf6 6. Nc3 e6 7. a3 Be7 8.
Bf4 O-O 9. Bd6 Ne8 10. Bxe7 Nxe7 11. Bd3 a6 12. O-O Qc7 13. f4 b5 14. e5 f5 15.
Be2 Bb7 16. Bf3 Rd8 17. Kh1 g5 18. Bxb7 Qxb7 19. fxg5 Ng6 20. Nc5 Qc8 21. Nd3
d6 22. Qe2 Qc4 23. Rae1 Qh4 24. Qe3 Ng7 25. exd6 Rxd6 26. g3 Qg4 27. Ne2 Qc4
28. Qc5 Qe4+ 29. Kg1 Rc6 30. Nc3 Rxc5 31. Nxe4 Rxc2 32. Nf6+ Kh8 33. Rc1 Rd2
34. Nf4 e5 35. Nxg6+ hxg6 36. Rfd1 Rxd1+ 37. Rxd1 Ne6 38. h4 Rd8 39. Rxd8+ Nxd8
40. Kf2 Ne6 41. Nd7 e4 42. Ke3 Kg7 43. b4 Kf7 44. g4 Kg7 45. Nc5 Nc7 46. Kd4
Kf7 47. gxf5 gxf5 48. h5 Ne8 49. Ke5 e3 50. Nd3 e2 51. Ne1 Kg7 52. Ke6 Nc7+ 53.
Kd6 Ne8+ 54. Kd7 Kf7 55. h6 1-0

[Event "European Youth Chess Championship B16"]
[Site "Prague, Top Hotel Prague"]
[Date "2016.08.19"]
[Round "2.3"]
[White "Trubchaninov, Timur"]
[Black "Pechac, Jergus"]
[Result "1-0"]
[WhiteElo "2228"]
[BlackElo "2443"]
[PlyCount "55"]
[EventDate "2016.08.18"]

1. e4 c5 2. Nf3 d6 3. d4 cxd4 4. Nxd4 Nf6 5. Nc3 a6 6. h3 e6 7. g4 Be7 8. Bg2
Qc7 9. Be3 Nc6 10. g5 Nd7 11. Qd2 Rb8 12. a4 b6 13. f4 Bb7 14. Nde2 O-O 15. h4
Nc5 16. h5 f5 17. h6 g6 18. exf5 Rxf5 19. Bh3 Na5 20. Rf1 Rbf8 21. Bxf5 Rxf5
22. b4 Nab3 23. cxb3 Nxb3 24. Qb2 Nxa1 25. Nd5 Nc2+ 26. Kf2 Bf6 27. Nxf6+ Kf8
28. Qc3 1-0

[Event "European Youth Chess Championship B16"]
[Site "Prague, Top Hotel Prague"]
[Date "2016.08.19"]
[Round "2.4"]
[White "Sorokin, Aleksey"]
[Black "Hurdzan, Tomas"]
[Result "1-0"]
[WhiteElo "2425"]
[BlackElo "2245"]
[PlyCount "75"]
[EventDate "2016.08.18"]

1. d4 Nf6 2. c4 g6 3. Nc3 Bg7 4. e4 d6 5. Nf3 O-O 6. h3 e5 7. d5 Na6 8. Be3 Nh5
9. a3 f5 10. b4 Nf6 11. Rc1 Qe7 12. Qb3 f4 13. Bd2 Kh8 14. Bd3 c5 15. dxc6 bxc6
16. Qa4 Nb8 17. O-O Bb7 18. Qa5 Nbd7 19. Rfd1 Rg8 20. c5 dxc5 21. Bc4 Rgf8 22.
Qc7 Rab8 23. bxc5 Ne8 24. Qa5 Qxc5 25. Na4 Qxa5 26. Bxa5 Nef6 27. Ng5 h6 28.
Ne6 Rfe8 29. f3 Kh7 30. Bc7 Rbc8 31. Bd6 Nb6 32. Nac5 Nxc4 33. Rxc4 Ba8 34. Ra4
Kg8 35. Rxa7 Nh5 36. Nc7 Red8 37. N5e6 Rd7 38. Rxa8 1-0

[Event "European Youth Chess Championship B16"]
[Site "Prague, Top Hotel Prague"]
[Date "2016.08.19"]
[Round "2.5"]
[White "Schmidek, Emil"]
[Black "Kevlishvili, Robby"]
[Result "1/2-1/2"]
[WhiteElo "2223"]
[BlackElo "2409"]
[PlyCount "110"]
[EventDate "2016.08.18"]

1. e4 c5 2. Nf3 d6 3. d4 cxd4 4. Nxd4 Nf6 5. Nc3 a6 6. Bg5 Nbd7 7. Bc4 Qb6 8.
Bb3 e6 9. Qd2 Be7 10. O-O-O Nc5 11. Rhe1 h6 12. Bh4 Qc7 13. Kb1 O-O 14. Nf3 b5
15. Bxf6 Bxf6 16. Qxd6 Qxd6 17. Rxd6 Bxc3 18. bxc3 Bb7 19. Nd2 Rfd8 20. Rd4 g5
21. f3 Kg7 22. Nf1 h5 23. Ne3 Kf6 24. Red1 Rg8 25. Kb2 Ke7 26. c4 b4 27. c3
bxc3+ 28. Kxc3 g4 29. Bc2 gxf3 30. gxf3 Rab8 31. Rb1 Bc6 32. Rdd1 Rxb1 33. Rxb1
Kd6 34. Kd4 f6 35. Rd1 a5 36. f4 e5+ 37. Kc3+ Ke6 38. f5+ Ke7 39. Nd5+ Bxd5 40.
Rxd5 Rc8 41. h4 Rc7 42. Bd3 Rc8 43. Kd2 Rc7 44. Ke3 Rc6 45. Be2 Nb7 46. Rd1 Rb6
47. Bxh5 Rb2 48. Rd2 Rxd2 49. Kxd2 Nc5 50. Ke3 Kf8 51. Kf3 Kg7 52. Be8 Kh6 53.
Bf7 Kg7 54. Bd5 Kh6 55. Kg4 Kg7 1/2-1/2

[Event "European Youth Chess Championship B16"]
[Site "Prague, Top Hotel Prague"]
[Date "2016.08.19"]
[Round "2.7"]
[White "Nikitenko, Mihail"]
[Black "Ranaldi, Lucas"]
[Result "1-0"]
[WhiteElo "2394"]
[BlackElo "2215"]
[PlyCount "83"]
[EventDate "2016.08.18"]

1. e4 c5 2. Nf3 d6 3. d4 cxd4 4. Nxd4 Nf6 5. Nc3 a6 6. Bg5 Nbd7 7. Qe2 h6 8.
Bxf6 Nxf6 9. O-O-O e5 10. Nf5 g6 11. Ne3 Be6 12. Ned5 Nxd5 13. Nxd5 Bxd5 14.
Rxd5 Qc7 15. h4 h5 16. Kb1 Bh6 17. g3 b5 18. Bh3 Ke7 19. Rhd1 Rhd8 20. f4 exf4
21. e5 dxe5 22. Rd7+ Rxd7 23. Rxd7+ Qxd7 24. Qxe5+ Qe6 25. Qc7+ Kf6 26. Bxe6
fxe6 27. gxf4 Rf8 28. a4 Rf7 29. Qe5+ Ke7 30. Qc5+ Kf6 31. Qd4+ Ke7 32. a5 Bxf4
33. Qa7+ Kf8 34. Qxa6 Bg3 35. Qxe6 Kg7 36. a6 Bf2 37. Qe5+ Kh7 38. Qxb5 Kg7 39.
Qe5+ Kh7 40. Qe6 Kg7 41. b4 Bxh4 42. Qxf7+ 1-0

[Event "European Youth Chess Championship B16"]
[Site "Prague, Top Hotel Prague"]
[Date "2016.08.19"]
[Round "2.8"]
[White "Tomulic, Teo"]
[Black "Macovei, Andrei"]
[Result "0-1"]
[WhiteElo "2148"]
[BlackElo "2382"]
[PlyCount "160"]
[EventDate "2016.08.18"]

1. e4 e5 2. Nf3 Nc6 3. Bb5 a6 4. Ba4 Nf6 5. O-O Be7 6. Re1 b5 7. Bb3 O-O 8. c3
d6 9. h3 Bb7 10. d4 Nd7 11. Nbd2 exd4 12. cxd4 Bf6 13. Nf1 Na5 14. Bc2 Re8 15.
N1h2 c5 16. Ng4 Bxd4 17. Nxd4 cxd4 18. Qxd4 Rc8 19. Bd3 f5 20. Bh6 Ne5 21. exf5
gxh6 22. f6 Nac6 23. Qd5+ Kh8 24. f7 Rf8 25. Nxh6 Qf6 26. Nf5 Nxd3 27. Qxd3
Rxf7 28. Nxd6 Rd7 29. Ne4 Rxd3 30. Nxf6 Kg7 31. Ne4 Rd5 32. Rac1 Nb4 33. Rxc8
Bxc8 34. Rc1 Bf5 35. Rc7+ Rd7 36. Rxd7+ Bxd7 37. Nc5 Bf5 38. g4 Bc2 39. a3 Nd3
40. Nxa6 Nxb2 41. f4 Nc4 42. Kf2 Kf6 43. h4 Bd1 44. Kg3 Nxa3 45. h5 Nc2 46. g5+
Kg7 47. Kh4 b4 48. Nxb4 Nxb4 49. f5 Nd5 50. h6+ Kf7 51. g6+ hxg6 52. h7 Kg7 53.
fxg6 Ne7 54. Kg5 Nxg6 55. Kf5 Kxh7 56. Kf6 Bb3 57. Kf5 Bd5 58. Kf6 Kh6 59. Kf5
Kg7 60. Kg5 Be4 61. Kh5 Nf4+ 62. Kg4 Ne6 63. Kg3 Kf6 64. Kf2 Ke5 65. Ke3 Nc5
66. Kd2 Kd4 67. Kc1 Kc3 68. Kd1 Bd3 69. Kc1 Nb3+ 70. Kd1 Kd4 71. Ke1 Ke3 72.
Kd1 Be4 73. Ke1 Bf3 74. Kf1 Nc1 75. Kg1 Kf4 76. Kh2 Kg4 77. Kg1 Kg3 78. Kf1 Nd3
79. Kg1 Be2 80. Kh1 Nf2+ 0-1

[Event "European Youth Chess Championship B16"]
[Site "Prague, Top Hotel Prague"]
[Date "2016.08.19"]
[Round "2.9"]
[White "Fakhrutdinov, Timur"]
[Black "Hallman, Valo"]
[Result "1-0"]
[WhiteElo "2375"]
[BlackElo "2187"]
[PlyCount "87"]
[EventDate "2016.08.18"]

1. e4 e5 2. Nf3 Nc6 3. Bb5 g6 4. O-O Bg7 5. c3 a6 6. Ba4 d6 7. d4 Bd7 8. Be3 b5
9. Bb3 Nf6 10. dxe5 Nxe5 11. Nxe5 dxe5 12. f4 Be6 13. Bxe6 fxe6 14. Qf3 exf4
15. Bxf4 O-O 16. Bg5 Qe8 17. Nd2 c5 18. Qe3 Qc6 19. Bxf6 Bxf6 20. e5 Bg7 21.
Ne4 Bxe5 22. Nxc5 Qd6 23. g3 Rxf1+ 24. Rxf1 b4 25. Re1 Bg7 26. Nxe6 Re8 27. Qe4
bxc3 28. Qc4 Rxe6 29. Rxe6 Qd4+ 30. Qxd4 Bxd4+ 31. Kf1 cxb2 32. Re8+ Kf7 33.
Rb8 a5 34. a4 Ke6 35. Ke2 Kf5 36. Kd3 Be5 37. Rb5 Kg4 38. Kc2 Bd4 39. Rxa5 Kh3
40. Rd5 Be3 41. Rd3 Bc5 42. Rd2 Bb4 43. Rd4 Be7 44. Rd7 1-0

[Event "European Youth Chess Championship B16"]
[Site "Prague, Top Hotel Prague"]
[Date "2016.08.19"]
[Round "2.10"]
[White "Lojek, Marek"]
[Black "Radovanovic, Mihajlo"]
[Result "0-1"]
[WhiteElo "2141"]
[BlackElo "2374"]
[PlyCount "70"]
[EventDate "2016.08.18"]

1. e4 c5 2. c3 d6 3. d4 Nf6 4. Bd3 g6 5. Nf3 Bg7 6. O-O O-O 7. h3 Nc6 8. Re1
Qc7 9. Be3 b6 10. Na3 cxd4 11. cxd4 Nb4 12. Rc1 Qd8 13. Bb1 Bb7 14. Qd2 a5 15.
Bh6 Ba6 16. Bxg7 Kxg7 17. Rc3 Rc8 18. Nc2 Rxc3 19. Nxb4 Rxf3 20. Nxa6 Qc8 21.
gxf3 Qxa6 22. e5 Nh5 23. Qg5 Qb7 24. Be4 Qd7 25. Qg4 Qxg4+ 26. fxg4 Nf4 27. Kh2
d5 28. Kg3 g5 29. Bc2 Rc8 30. Bb3 b5 31. Re3 Rc1 32. a4 Rh1 33. f3 bxa4 34.
Bxa4 Rxh3+ 35. Kf2 Rh2+ 0-1

[Event "European Youth Chess Championship B16"]
[Site "Prague, Top Hotel Prague"]
[Date "2016.08.19"]
[Round "2.11"]
[White "Warmerdam, Max"]
[Black "Nguyen, Kevin"]
[Result "1/2-1/2"]
[WhiteElo "2372"]
[BlackElo "2169"]
[PlyCount "103"]
[EventDate "2016.08.18"]

1. e4 c5 2. Nf3 Nc6 3. d4 cxd4 4. Nxd4 Nf6 5. Nc3 g6 6. Nxc6 bxc6 7. e5 Ng8 8.
Bc4 Qa5 9. Bf4 Bg7 10. O-O Bxe5 11. Bxe5 Qxe5 12. Re1 Qf4 13. Ne4 Kf8 14. Qd4
Nf6 15. g3 Qf5 16. Nxf6 Qxf6 17. Qxf6 exf6 18. Bb3 d5 19. c4 Be6 20. cxd5 cxd5
21. Red1 Rd8 22. Rac1 Rd7 23. Ba4 Rb7 24. b3 Kg7 25. Rc5 Rd8 26. Rd4 Rd6 27. b4
Kf8 28. f3 Ke7 29. Kf2 Ra6 30. Bb3 Rab6 31. a3 Rb5 32. Rc6 R5b6 33. Rxb6 Rxb6
34. a4 Kd6 35. Ke3 Rc6 36. Kd2 f5 37. b5 Rb6 38. Kc3 a6 39. Kb4 axb5 40. a5 Rc6
41. Kxb5 Rc3 42. Rb4 Kd7 43. a6 Kc7 44. Ka5 Bc8 45. f4 Rc6 46. Bxd5 Rxa6+ 47.
Kb5 Rb6+ 48. Kc5 Rxb4 49. Kxb4 Be6 50. Kc5 Bxd5 51. Kxd5 Kd7 52. h3 1/2-1/2

[Event "European Youth Chess Championship B16"]
[Site "Prague, Top Hotel Prague"]
[Date "2016.08.19"]
[Round "2.12"]
[White "Pantzar, Milton"]
[Black "Gokerkan, Cem Kaan"]
[Result "0-1"]
[WhiteElo "2135"]
[BlackElo "2371"]
[PlyCount "128"]
[EventDate "2016.08.18"]

1. d4 Nf6 2. c4 e6 3. Nc3 Bb4 4. e3 O-O 5. Nge2 d5 6. a3 Bd6 7. Ng3 b6 8. cxd5
exd5 9. Bd3 Re8 10. b4 c5 11. bxc5 bxc5 12. O-O cxd4 13. exd4 h6 14. Nb5 Bxg3
15. hxg3 a6 16. Nc3 Nc6 17. Ne2 Ne7 18. Qc2 Bf5 19. Bxf5 Nxf5 20. Qxf5 Rxe2 21.
Bf4 Qc8 22. Qd3 Qc4 23. Qxc4 dxc4 24. Rfe1 Rxe1+ 25. Rxe1 Nd5 26. Rc1 Rc8 27.
Bd6 a5 28. Kf1 Nf6 29. f3 Nd5 30. Ke2 f6 31. Bc5 Rb8 32. Rxc4 Rb2+ 33. Kd3 Rxg2
34. Ke4 Nc7 35. d5 Kf7 36. d6 Ne6 37. d7 Rd2 38. Bb6 Rxd7 39. Bxa5 Re7 40. Kd5
Rd7+ 41. Kc6 Rd3 42. Rc3 Nd4+ 43. Kc5 Rd1 44. Bb6 Ne2 45. Rc4 Nxg3 46. a4 Nf5
47. a5 Ra1 48. Kc6 h5 49. Rc5 Ke6 50. Kb7 h4 51. Rc6+ Kd5 52. Rc5+ Ke6 53. Rc6+
Kf7 54. a6 h3 55. Bc7 Nd4 56. Rb6 Ne6 57. Bd6 Nc5+ 58. Kc6 Nxa6 59. Kb5 g5 60.
Rxa6 Rxa6 61. Kxa6 f5 62. Bh2 f4 63. Kb5 g4 64. Kc4 g3 0-1

[Event "European Youth Chess Championship B16"]
[Site "Prague, Top Hotel Prague"]
[Date "2016.08.19"]
[Round "2.13"]
[White "Risting, Eivind Olav"]
[Black "Akdogan, Alperen"]
[Result "1-0"]
[WhiteElo "2347"]
[BlackElo "2152"]
[PlyCount "37"]
[EventDate "2016.08.18"]

1. e4 Nf6 2. e5 Nd5 3. d4 d6 4. Nf3 dxe5 5. Nxe5 c6 6. Be2 Bf5 7. O-O e6 8. g4
Bg6 9. c4 Nf6 10. Nc3 Nbd7 11. f4 Nxe5 12. dxe5 Bc5+ 13. Kg2 Nd7 14. f5 Qh4 15.
Ne4 Bxf5 16. Rxf5 exf5 17. Bg5 Qxg5 18. Nxg5 Nxe5 19. gxf5 1-0

[Event "European Youth Chess Championship B16"]
[Site "Prague, Top Hotel Prague"]
[Date "2016.08.19"]
[Round "2.14"]
[White "Yilmaz, Goktan"]
[Black "Lopez, Mulet Inigo"]
[Result "1-0"]
[WhiteElo "2134"]
[BlackElo "2343"]
[PlyCount "53"]
[EventDate "2016.08.18"]

1. e4 c5 2. Nf3 e6 3. d4 cxd4 4. Nxd4 Nc6 5. Nc3 Qc7 6. f4 d6 7. Nxc6 bxc6 8.
Bd3 Nf6 9. O-O e5 10. h3 exf4 11. Bxf4 Qb6+ 12. Kh1 Qxb2 13. Qe1 Be6 14. e5
dxe5 15. Bxe5 Nd7 16. Bf5 Nxe5 17. Qxe5 Qb8 18. Qe4 Qc8 19. Rae1 Be7 20. Bxe6
fxe6 21. Qe5 Rf8 22. Qh5+ g6 23. Qxh7 Qd7 24. Qxg6+ Kd8 25. Rxf8+ Bxf8 26. Rd1
Bd6 27. Qg8+ 1-0

[Event "European Youth Chess Championship B16"]
[Site "Prague, Top Hotel Prague"]
[Date "2016.08.19"]
[Round "2.15"]
[White "Buzas, Bertalan"]
[Black "Giannoulakis, Lampros"]
[Result "1/2-1/2"]
[WhiteElo "2127"]
[BlackElo "2317"]
[PlyCount "80"]
[EventDate "2016.08.18"]

1. d4 Nf6 2. Nf3 g6 3. g3 Bg7 4. Bg2 O-O 5. O-O d6 6. b3 Nbd7 7. Bb2 c6 8. Nbd2
Qc7 9. e4 e5 10. dxe5 dxe5 11. Qe2 Re8 12. Rfd1 Bf8 13. a4 a5 14. Nc4 b5 15.
axb5 cxb5 16. Ne3 Ba6 17. Nd5 Nxd5 18. exd5 Bd6 19. Ng5 Nc5 20. Qg4 h6 21. Ne4
Nxe4 22. Bxe4 Bc8 23. Qh4 h5 24. Qf6 Qd8 25. Qxd8 Rxd8 26. c4 Bd7 27. Rdc1 Rdc8
28. cxb5 Rxc1+ 29. Bxc1 Bxb5 30. Bd2 a4 31. bxa4 Rxa4 32. Rxa4 Bxa4 33. h4 f5
34. Bg2 e4 35. Bf4 Bc5 36. Bf1 Bd7 37. Bc4 Kf7 38. Kf1 Ke7 39. Bg5+ Ke8 40. Bf4
Ke7 1/2-1/2

[Event "European Youth Chess Championship B16"]
[Site "Prague, Top Hotel Prague"]
[Date "2016.08.19"]
[Round "2.16"]
[White "Janik, Igor"]
[Black "Gallagher, Daniel GH"]
[Result "1/2-1/2"]
[WhiteElo "2303"]
[BlackElo "2128"]
[PlyCount "76"]
[EventDate "2016.08.18"]

1. e4 c5 2. Nf3 d6 3. d4 cxd4 4. Nxd4 Nf6 5. Nc3 g6 6. Be3 Bg7 7. f3 O-O 8. Qd2
Nc6 9. O-O-O d5 10. Kb1 Nxd4 11. e5 Nf5 12. exf6 exf6 13. Bc5 d4 14. Nb5 Re8
15. Nxd4 b6 16. Bb4 a5 17. Bc3 Ne3 18. Re1 Nd5 19. Bb5 Nxc3+ 20. Qxc3 Bd7 21.
Rxe8+ Bxe8 22. Bxe8 Qxe8 23. Re1 Qd7 24. Qc6 Qxc6 25. Nxc6 Kf8 26. c3 f5 27.
Kc2 Rc8 28. Na7 Rc5 29. a4 Be5 30. h3 Kg7 31. Nb5 Kf6 32. Rd1 Kg5 33. Rd7 Kf4
34. Rxf7 Kg3 35. Rxh7 Kxg2 36. Kd3 Kxf3 37. Rb7 Rd5+ 38. Kc4 Rc5+ 1/2-1/2

[Event "European Youth Chess Championship B16"]
[Site "Prague, Top Hotel Prague"]
[Date "2016.08.19"]
[Round "2.17"]
[White "Paiva, Henrique"]
[Black "Czupor, Attila"]
[Result "1-0"]
[WhiteElo "2121"]
[BlackElo "2303"]
[PlyCount "63"]
[EventDate "2016.08.18"]

1. e4 e5 2. Nf3 Nc6 3. Bc4 Nf6 4. d3 h6 5. c3 d6 6. O-O g6 7. d4 Bg4 8. Qb3 Qd7
9. Bxf7+ Qxf7 10. Qxb7 Kd7 11. d5 Nxd5 12. exd5 Qxd5 13. Qxa8 Bxf3 14. gxf3 Qb5
15. Na3 Qb6 16. Be3 Qxb2 17. Nc4 Qb5 18. Nxd6 cxd6 19. Rab1 Qd5 20. Rb7+ Ke6
21. Qe8+ Ne7 22. Rxe7+ Bxe7 23. Qxh8 Qxf3 24. Qc8+ Kf7 25. Rb1 h5 26. h4 Qe4
27. Rb8 Qxh4 28. Rb7 a6 29. Qd7 Qf6 30. Qc6 Qf5 31. Qc4+ Kf6 32. Qh4+ 1-0